00480nam a2200145Ia 4500008004100000020001800041050002300059100001800082245009600100250001200196260003700208300002900245500005100274521000900325140527s9999 xx 000 0 und d a9780132719872 aHF 5718b.M86 2012 aMunter, Mary. aGuide to managerial communication :beffective business writing and speaking /cMary Munter a9th ed. aBoston :bPrentice Hall,cc2012. a189 p. :bill. ;c21 cm. aIncludes bibliographical references and index. aBSBA